00939cam a2200265 a 45000010008000000030004000080050017000120080041000290100017000700200015000870400018001020410013001200500023001330820018001561000025001742400055001992450089002542600060003433000043004035000113004465000020005596500038005796500035006177000021006524453040OSt20231121122832.0950728s1996 maua 001 0 eng  a 95037693  a0867205040 aDLCcDLCdDLC1 aenghger00aQK725b.G8413 199600a581.87bGUN/P1 aGunning, Brian E. S.10aBildatlas zur Biologie der Pflanzenzelle.lEnglish10aPlant cell biology :bstructure and function /cBrian E.S. Gunning, Martin W. Steer. aBoston, Mass. :bJones and Bartlett Publishers,cc1996. a[120] p. :bill. (some col.) ;c30 cm. a"Title of German original: Gunning/Steer, Bildatlas zur Biologie der Pflanzenzelle. 4. Auflage"--T.p. verso. aIncludes index. 0aPlant cells and tissuesxAtlases. 0aPlant ultrastructurexAtlases.1 aSteer, Martin W.